000 00275 a2200109 4500
245 _aMine boy
_hprint
700 _aAbrahams, Peter
650 _aliterature
005 20191017172339.0
260 _aenk
_bD. Crisp
_c[1946]
084 _aPZ3.A1576 Mi
300 _a183 p. 19 cm.
_b183 p. 19 cm.
_c183 p. 19 cm.
999 _c8765
_d8765